Top 10 NBA Small Forwards Of All Time - Statistics

General Stats
  • This quiz has been taken 2,409 times
  • The average score is 5 of 10
Answer Stats
Rank Player % Correct
2 LeBron James
96%
1 Larry Bird
80%
9 James Worthy
78%
6 Scottie Pippen
54%
3 Julius Erving
39%
4 Elgin Baylor
36%
5 John Havlicek
27%
7 Dominique Wilkins
24%
8 Rick Barry
15%
10 Alex English
8%
No matching quizzes found
Score Distribution
Percent of People with Each Score
Percentile by Number Answered
Your Score History
You have not taken this quiz